000 01097cad a22002055a 4500
001 E147670
008 090604e20090528xxk 000 0 eng d
035 _a(Sirsi) u147670
041 0 _aeng
110 2 _aChartered Institute of Building
_92134
245 0 0 _aConstruction industry still suffering from skills shortage despite the recession
_h[electronic resource]
260 _c2009
490 _aCIOB News Release
_v28 May 2009
520 _aReports the results of the CIOB's third annual skills survey, which suggests that 77% of those surveyed think there is a skills shortage in the construction industry, with 76% stating that apprenticeships should be compusory on public projects. There was also concern at the number of students entering the industry, with respondents feeling that this could further impact on skills shortages in the next few years.
590 _aKA NTK
651 4 _aUnited Kingdom
_y
690 _aBUILT ENVIRONMENT-CONSTRUCTION MARKET
856 4 0 _uhttps://www.ciob.org.uk/news/view/2085
_zView the news release free of charge at www.ciob.org.uk...
942 _n0
999 _c81606
_d81606